| 000 | 00480nam a2200169 a 4500 | ||
|---|---|---|---|
| 005 | 20140412111321.0 | ||
| 008 | 010402s19uu xx 00 eng d | ||
| 020 | _a0-86163-495-0 | ||
| 050 |
_aER _bJa12 1993 |
||
| 245 |
_aJack and the beanstalk / _cillustrated by Rene Cloke. |
||
| 260 |
_aLondon : _bAward Publications, _c1993. |
||
| 300 | _a1 v. (unp.) ; ill. | ||
| 440 | _aA Butterfly Book | ||
| 650 | _aBeanstalk-Fiction | ||
| 650 | _aChildren's stories | ||
| 999 |
_c104376 _d104376 |
||